হজ্জ পালনের অভিজ্ঞতা, তাৎপর্য, শিক্ষা ও উপব্ধি/ (Record no. 18021)
[ view plain ]
| 000 -LEADER | |
|---|---|
| fixed length control field | 01136nam a22002057a 4500 |
| 003 - CONTROL NUMBER IDENTIFIER | |
| control field | BDDh-ASL |
| 005 - DATE AND TIME OF LATEST TRANSACTION | |
| control field | 20231015025654.0 |
| 008 - FIXED-LENGTH DATA ELEMENTS--GENERAL INFORMATION | |
| fixed length control field | 200917b1989 ||||| |||| 001 0 d |
| 040 ## - CATALOGING SOURCE | |
| Original cataloging agency | BDDh-ASL |
| Transcribing agency | BDDh-ASL |
| Modifying agency | BDDh-ASL |
| 041 ## - LANGUAGE CODE | |
| Language code of text/sound track or separate title | bengali |
| 082 ## - DEWEY DECIMAL CLASSIFICATION NUMBER | |
| Classification number | 297.352 |
| Item number | SHH |
| 100 1# - MAIN ENTRY--PERSONAL NAME | |
| Personal name | সাখাওয়াতউল্লাহ, কাজী মোহাম্মদ |
| 9 (RLIN) | 856 |
| 245 1# - TITLE STATEMENT | |
| Title | হজ্জ পালনের অভিজ্ঞতা, তাৎপর্য, শিক্ষা ও উপব্ধি/ |
| Statement of responsibility, etc. | কাজী মোহাম্মদ সাখাওয়াতউল্লাহ। |
| 246 ## - VARYING FORM OF TITLE | |
| Title proper/short title | Hazz Paloner Oviggota, Tatporjo, Shikkha O Upolabdhi. |
| 260 ## - PUBLICATION, DISTRIBUTION, ETC. | |
| Place of publication, distribution, etc. | ঢাকা: |
| Name of publisher, distributor, etc. | আহমদ পাবলিশিং হাউস, |
| Date of publication, distribution, etc. | ১৯৮৯। |
| 300 ## - PHYSICAL DESCRIPTION | |
| Extent | ১৭৮ পৃষ্ঠা: |
| Other physical details | ম্যাপ/ |
| Dimensions | ২১ সে. মি.। |
| 504 ## - BIBLIOGRAPHY, ETC. NOTE | |
| Bibliography, etc. note | গ্রন্থপঞ্জি ও নির্ঘন্ট সংযুক্ত। |
| 650 #0 - SUBJECT ADDED ENTRY--TOPICAL TERM | |
| 9 (RLIN) | 857 |
| Topical term or geographic name entry element | হজ্জ পালন |
| General subdivision | হজ্জ পালনের অভিজ্ঞতা |
| -- | হজ্জের তাৎপর্য |
| 942 ## - ADDED ENTRY ELEMENTS (KOHA) | |
| Source of classification or shelving scheme | Dewey Decimal Classification |
| Koha item type | Books |
| Withdrawn status | Lost status | Source of classification or shelving scheme | Damaged status | Not for loan | Collection code | Home library | Current library | Shelving location | Date acquired | Source of acquisition | Total Checkouts | Full call number | Barcode | Date last seen | Copy number | Price effective from | Koha item type |
|---|---|---|---|---|---|---|---|---|---|---|---|---|---|---|---|---|---|
| Dewey Decimal Classification | Non-fiction | Asiatic Society Library | Asiatic Society Library | General Stacks | 09/17/2020 | Complementary | 297.352 SHH | 101168 | 09/17/2020 | C-1 | 09/17/2020 | Books |